Baltimore Neighborhoods - Statistics

General Stats
  • This quiz has been taken 87 times
  • The average score is 28 of 245
Answer Stats
Neighborhood % Correct
Fells Point
68%
Federal Hill
61%
Mount Vernon
59%
Inner Harbor
57%
Canton
55%
Cherry Hill
55%
Hampden
55%
Roland Park
50%
Charles Village
48%
Washington Village/Pigtown
48%
Highlandtown
46%
Mondawmin
43%
Downtown
41%
Little Italy
41%
Brooklyn
39%
Locust Point
39%
Bolton Hill
38%
Sandtown-Winchester
38%
Greektown
36%
Patterson Park
36%
Upper Fells Point
32%
Mount Washington
29%
Pimlico Good Neighbors
29%
Remington
29%
Guilford
27%
Lauraville
27%
Middle East/Eager Park
25%
Penn North
25%
Butchers Hill
23%
Reservoir Hill
23%
Waverly
23%
Woodberry
23%
Harlem Park
21%
Homeland
21%
Otterbein
21%
Villages of Homeland
21%
Bayview
20%
Brewers Hill
20%
Edmondson Village
20%
Hamilton Hills
20%
Jonestown
20%
Violetville
20%
Belair-Edison
18%
Carroll-South Hilton
18%
Curtis Bay
18%
Forest Park
18%
Hollins Market
18%
Orangeville
18%
Rosemont
18%
Rosemont East
18%
South Baltimore
18%
Armistead Gardens
16%
Ashburton
16%
Belvedere
16%
Morrell Park
16%
Oldtown
16%
Riverside
16%
Upton
16%
Arcadia
14%
Coldspring
14%
Coppin Heights/Ash-Co-East
14%
Franklintown
14%
Glen
14%
North Roland Park/Poplar Hill
14%
O'Donnell Heights
14%
Poppleton
14%
Westport
14%
Arlington
13%
Barclay
13%
Cedonia
13%
Dickeyville
13%
Union Square
13%
Walbrook
13%
Winchester
13%
Allendale
11%
Berea
11%
Beverly Hills
11%
Central Park Heights
11%
Charles North
11%
Cheswolde
11%
Greenspring
11%
Gwynns Falls
11%
Medfield
11%
Seton Hill
11%
Tuscany-Canterbury
11%
Wyman Park
11%
Abell
9%
Bellona-Gittings
9%
Better Waverly
9%
Bridgeview/Greenlawn
9%
Broadway East
9%
Druid Heights
9%
Dunbar-Broadway
9%
Easterwood
9%
Fallstaff
9%
Franklin Square
9%
Gay Street
9%
Greenmount West
9%
Hillen
9%
Hoes Heights
9%
Levindale
9%
Loch Raven
9%
Madison-Eastend
9%
Mid-Govans
9%
Mid-town Belvedere
9%
Mosher
9%
Old Goucher
9%
Original Northwood
9%
Overlea
9%
Patterson Place
9%
Carrollton Ridge
7%
Coldstream Homestead Montebello
7%
Cross Country
7%
Cross Keys
7%
Cylburn
7%
Ednor Gardens-Lakeside
7%
Evergreen
7%
Graceland Park
7%
Howard Park
7%
Irvington
7%
Midtown-Edmondson
7%
Milton-Montford
7%
Moravia-Walther
7%
New Northwood
7%
Pen Lucy
7%
Penn-Fallsway
7%
Penrose/Fayette Street Outreach
7%
Ridgeley's Delight
7%
Sharp-Leadenhall
7%
Shipley Hill
7%
Windsor Hills
7%
York-Homeland
7%
Barre Circle
5%
Beechfield
5%
Cedarcroft
5%
Central Forest Park
5%
Chinquapin Park
5%
East Arlington
5%
Frankford
5%
Garwyn Oaks
5%
Grove Park
5%
Hanlon-Longwood
5%
Heritage Crossing
5%
Idlewood
5%
Lakeland
5%
Lake Walker
5%
Liberty Square
5%
Mayfield
5%
Medford
5%
Millhill
5%
Mount Winans
5%
Northwest Community Action
5%
Oakenshawe
5%
Oaklee
5%
Panway/Braddish Avenue
5%
Park Circle
5%
Parkview/Woodbrook
5%
Saint Agnes
5%
Saint Helena
5%
Saint Paul
5%
Ten Hills
5%
Washington Hill
5%
West Forest Park
5%
Belair-Parkside
4%
Biddle Street
4%
Boyd-Booth
4%
Broening Manor
4%
Cameron Village
4%
Cedmont
4%
Concerned Citizens of Forest Park
4%
Dolfield
4%
Dorchester
4%
Downtown West
4%
Four by Four
4%
Franklintown Road
4%
Glen Oaks
4%
Johnston Square
4%
Lake Evesham
4%
Langston Hughes
4%
Madison Park
4%
McElderry Park
4%
Morgan Park
4%
Mount Holly
4%
North Harford Road
4%
Oliver
4%
Parkside
4%
Perring Loch
4%
Ramblewood
4%
Rognel Heights
4%
Stonewood-Pentwood-Winston
4%
Taylor Heights
4%
Towanda-Grantley
4%
West Arlington
4%
Westfield
4%
West Hills
4%
Winston-Govans
4%
Woodbourne-McCabe
4%
Woodmere
4%
Wyndhurst
4%
Baltimore Highlands
2%
Blythewood
2%
Burleith-Leighton
2%
Callaway-Garrison
2%
CARE
2%
Darley Park
2%
East Baltimore Midway
2%
Eastwood
2%
Edgewood
2%
Ellwood Park/Monument
2%
Evesham Park
2%
Forest Park Golf Course
2%
Glenham-Belhar
2%
Hunting Ridge
2%
Kenilworth Park
2%
Kernewood
2%
Keswick
2%
Kresson
2%
Lower Edmondson Village
2%
Lucille Park
2%
New Southwest/Mount Clare
2%
Parklane
2%
Purnell
2%
Radnor-Winston
2%
Reistertown Station
2%
Richnor Springs
2%
Rosebank
2%
Rosemont Homeowners/Tenants
2%
Sabina Mattfeldt
2%
South Clifton Park
2%
The Orchards
2%
Tremont
2%
Uplands
2%
Westgate
2%
Wrenlane
2%
Yale Heights
2%
Evergreen Lawn
0%
Fairmont
0%
Harwood
0%
Orchard Ridge
0%
Saint Josephs
0%
Wakefield
0%
Waltherson
0%
Wilhelm Park
0%
Wilson Park
0%
Woodbourne Heights
0%
No matching quizzes found
Score Distribution
Percent of People with Each Score
Percentile by Number Answered
Your Score History
You have not taken this quiz